Pays avec le plus de sites classés au patrimoine de l'UNESCO - Statistiques

Statistiques générales
  • Ce quiz a été pris 18 310 fois
    18 181 depuis la dernière actualisation
  • Le résultat moyen est 16 sur 20
Statistiques - réponses
Sites Pays % Correct
53 France
100%
26 États-Unis
97%
59 Chine
96%
50 Espagne
96%
60 Italie
95%
54 Allemagne
92%
32 Russie
92%
43 Inde
91%
26 Japon
91%
24 Brésil
89%
35 Royaume-Uni
89%
35 Mexique
88%
22 Canada
87%
17 Portugal
80%
20 Australie
78%
19 Grèce
75%
17 Pologne
66%
21 Turquie
66%
28 Iran
46%
17 Rép. Tchèque
26%
Aucun quiz correspondant
Distribution des résultats
% des personnes avec chaque résultat
Percentile par nombre de réponses
Votre historique - résultats
Vous n’avez pas pris ce quiz depuis la dernière actualisation